Time zone city - Statistics

General Stats
  • This quiz has been taken 18 times
  • The average score is 16 of 31
Answer Stats
Time Zone City Population (Metro Area) % Correct
UTC - 5 Hours New York 20,090,000
93%
UTC London 12,200,000
87%
UTC + 5.5 Hour Delhi / New Delhi 28,514,000
80%
UTC + 10 Hour Sydney 4,400,000
80%
UTC + 9 Hour Tokyo 31,036,000
80%
UTC + 8 Hour Shanghai 19,200,000
73%
UTC + 3.5 Hour Tehran 13,450,000
73%
UTC + 2 Hour Cairo 15,546,000
67%
UTC + 3 Hour Istanbul 14,751,000
67%
UTC - 8 Hours Los Angeles 12,890,000
67%
UTC - 6 Hours Mexico City 21,163,000
67%
UTC - 3 Hours Sao Paulo 19,890,000
67%
UTC + 12 Hour Auckland 1,333,000
60%
UTC + 7 Hour Jakarta 24,100,000
60%
UTC + 5 Hour Karachi 18,000,000
60%
UTC + 6 Hour Dhaka 12,797,000
53%
UTC - 10 Hours Honolulu 894,000
53%
UTC + 1 Hour Lagos 13,463,000
53%
UTC - 9 Hours Anchorage 290,000
40%
UTC - 4 Hours Santiago 6,677,000
40%
UTC - 3.5 Hours St. John's 192,326
40%
UTC + 9.5 Hour Adelaide 1,290,000
33%
UTC + 13 Hour Apia , Samoa 40,407
33%
UTC - 7 Hours Phoenix 4,282,000
33%
UTC + 4 Hour Dubai 2,785,000
27%
UTC + 4.5 Hour Kabul 4,000,000
27%
UTC + 5.75 Hour Kathmandu 1,700,000
27%
UTC - 1 Hours Praia 127,832
20%
UTC + 6.5 Hour Yangon 5,500,000
20%
UTC + 11 Hour Noumea 100,000
0%
UTC - 11 Hours Pago Pago, American Samoa 11,500
0%
No matching quizzes found
Score Distribution
Percent of People with Each Score
Percentile by Number Answered
Your Score History
You have not taken this quiz